Zatiaľ málo rozšírený, ale zaujímavý druh ovocia Asimina triloba

Bibliographic Details
Main Author: Danek, Andrej (Author)
Format: Article
Language:Slovak
PhysicalDescription:Fotogr.
ISSN:1336-7684
Subjects:

MARC

LEADER 00000nab a2200000 ar4500
001 vtls009475542
003 SK-MaSNL
005 20260303053812.0
008 090220c2009 xo |||||||||||000 b|slo
015 |a SNBRB2009/02  |2 snkbucl 
038 |a SNKBUCL 
040 |a SNKBUCL  |b slo  |c SNKBUCL  |e AACR2 
041 0 |a slo 
044 |a xo  |c SK 
080 |a 634.41  |2 1997 
100 1 |a Danek, Andrej  |4 aut  |9 1045759 
245 1 0 |a Zatiaľ málo rozšírený, ale zaujímavý druh ovocia Asimina triloba  |c Andrej Danek 
300 |b Fotogr. 
650 0 7 |a asimina trojlaločná  |2 snkbucl  |9 84135 
773 0 |t Sady a vinice  |g Roč. IV, č. 1 (2009), s. 20  |x 1336-7684 
852 |a SNK  |b KIS3GCP 
999 |c 1720721  |d 1722651